Re Grosvenor Estate (Mayfair) London`s application (Record no. 3216)
[ view plain ]
| 000 -LEADER | |
|---|---|
| fixed length control field | 01145cab a2200229 4500 |
| 001 - CONTROL NUMBER | |
| control field | ABS53622 |
| 008 - FIXED-LENGTH DATA ELEMENTS--GENERAL INFORMATION | |
| fixed length control field | 090401t1995 xxu||||| |||| 00| 0 eng d |
| 035 ## - SYSTEM CONTROL NUMBER | |
| System control number | (Sirsi) u5406 |
| 041 ## - LANGUAGE CODE | |
| Language code of text/sound track or separate title | eng |
| 245 ## - TITLE STATEMENT | |
| Title | Re Grosvenor Estate (Mayfair) London`s application |
| 260 ## - PUBLICATION, DISTRIBUTION, ETC. | |
| Date of publication, distribution, etc. | 1995 |
| 350 ## - PRICE (NR) (BK AM CF MU VM SE) [OBSOLETE] | |
| Price | 0 |
| 490 ## - SERIES STATEMENT | |
| Series statement | Estates Gazette |
| Volume/sequential designation | (1995) 38 EG 142-146(5) |
| 520 ## - SUMMARY, ETC. | |
| Summary, etc. | LVT 28 March 1995. The applicant landlord (G) applied under Leasehold Reform, Housing and Urban Development Act 1993 s70 for approval for a management scheme for their Mayfair estate. Included in the scheme were provisions for three-yearly external decorations, recovery of costs in considering applications for altering any premises and a fee for the scheme`s administration. The scheme was approved as being in accordance with Leasehold Reform, Housing and Urban Development Act 1993 s70. |
| 650 ## - SUBJECT ADDED ENTRY--TOPICAL TERM | |
| Topical term or geographic name entry element | GROSVENOR ESTATE MAYFAIR LONDON |
| 650 ## - SUBJECT ADDED ENTRY--TOPICAL TERM | |
| Topical term or geographic name entry element | LEASEHOLD REFORM, HOUSING AND URBAN DEVELOPMENT ACT 1993 S70 |
| 650 ## - SUBJECT ADDED ENTRY--TOPICAL TERM | |
| Topical term or geographic name entry element | MANAGEMENT FEES |
| 650 ## - SUBJECT ADDED ENTRY--TOPICAL TERM | |
| Topical term or geographic name entry element | MANAGEMENT SCHEME |
| 690 ## - LOCAL SUBJECT ADDED ENTRY--TOPICAL TERM (OCLC, RLIN) | |
| Topical term or geographic name as entry element | LANDLORD AND TENANT-CASE LAW-LEASEHOLD REFORM |
| 942 ## - ADDED ENTRY ELEMENTS (KOHA) | |
| Suppress in OPAC | 0 |
| 948 ## - LOCAL PROCESSING INFORMATION (OCLC); SERIES PART DESIGNATOR (RLIN) | |
| c (OCLC) | 04/03/1997 |
| Withdrawn status | Lost status | Source of classification or shelving scheme | Damaged status | Not for loan | Home library | Current library | Shelving location | Date acquired | Total Checkouts | Full call number | Barcode | Date last seen | Copy number | Price effective from | Koha item type |
|---|---|---|---|---|---|---|---|---|---|---|---|---|---|---|---|
| Dewey Decimal Classification | London | London | Journal article | 14/09/1999 | ABS53622 | 5406-1001 | 06/08/2019 | 1 | 06/08/2019 | Law report |